Accident and health insurance (Record no. 125708)
[ view plain ]
| 000 -LEADER | |
|---|---|
| fixed length control field | 00554nam a2200229Ia 4500 |
| 003 - CONTROL NUMBER IDENTIFIER | |
| control field | OSt |
| 005 - DATE AND TIME OF LATEST TRANSACTION | |
| control field | 20220203113551.0 |
| 008 - FIXED-LENGTH DATA ELEMENTS--GENERAL INFORMATION | |
| fixed length control field | 210210b1940 xxu||||| |||| 00| 0 eng d |
| 040 ## - CATALOGING SOURCE | |
| Original cataloging agency | AL |
| Transcribing agency | |
| 041 ## - LANGUAGE CODE | |
| Language code of text/sound track or separate title | eng |
| 082 ## - DEWEY DECIMAL CLASSIFICATION NUMBER | |
| Classification number | 388/15 |
| 100 ## - MAIN ENTRY--PERSONAL NAME | |
| Personal name | FAULKNER (Edwin J) |
| 9 (RLIN) | 16216 |
| 245 ## - TITLE STATEMENT | |
| Title | Accident and health insurance |
| 260 ## - PUBLICATION, DISTRIBUTION, ETC. | |
| Place of publication, distribution, etc. | New York |
| Name of publisher, distributor, etc. | McGraw Book Company |
| Date of publication, distribution, etc. | 1940 |
| 300 ## - PHYSICAL DESCRIPTION | |
| Extent | 366 |
| 650 ## - SUBJECT ADDED ENTRY--TOPICAL TERM | |
| Topical term or geographic name entry element | insurance |
| 9 (RLIN) | 16217 |
| 650 ## - SUBJECT ADDED ENTRY--TOPICAL TERM | |
| Topical term or geographic name entry element | health |
| 9 (RLIN) | 16218 |
| 650 ## - SUBJECT ADDED ENTRY--TOPICAL TERM | |
| Topical term or geographic name entry element | Accident |
| 9 (RLIN) | 16219 |
| 690 ## - LOCAL SUBJECT ADDED ENTRY--TOPICAL TERM (OCLC, RLIN) | |
| Topical term or geographic name as entry element | Insurance |
| 9 (RLIN) | 16220 |
| 906 ## - LOCAL DATA ELEMENT F, LDF (RLIN) | |
| a | 005674 |
| 942 ## - ADDED ENTRY ELEMENTS (KOHA) | |
| Source of classification or shelving scheme | Dewey Decimal Classification |
| Koha item type | Book |
| Withdrawn status | Lost status | Source of classification or shelving scheme | Damaged status | Not for loan | Collection code | Home library | Current library | Date acquired | Cost, normal purchase price | Total Checkouts | Full call number | Barcode | Date last seen | Price effective from | Koha item type |
|---|---|---|---|---|---|---|---|---|---|---|---|---|---|---|---|
| Dewey Decimal Classification | Rare Book | Commerce | St Aloysius Library | St Aloysius Library | 02/17/2021 | 0.00 | 388/15 | 005674 | 02/17/2021 | 02/17/2021 | Book | ||||
| Dewey Decimal Classification | Rare Book | Commerce | St Aloysius Library | St Aloysius Library | 02/17/2021 | 0.00 | 388/16 | 005675 | 02/17/2021 | 02/17/2021 | Book |